| 000 | 00558nam a2200217 4500 | ||
|---|---|---|---|
| 005 | 20260327170407.0 | ||
| 008 | 260327b |||||||| |||| 00| 0 eng d | ||
| 020 | _a978-81-85605-43-2 | ||
| 041 | _aEnglish | ||
| 082 |
_22nd 2002/RP 2024 _aSO 301 POT B12853 |
||
| 100 |
_aPothen, K.P. _9217358 |
||
| 245 | _aSociology for Nurses | ||
| 250 | _a2nd | ||
| 260 |
_aIndore _bN.R.Brothers _c2024 |
||
| 300 |
_a268p _bpb |
||
| 365 |
_aRupaye _b230 _cINR |
||
| 500 | _aSociology | ||
| 650 |
_aSociology _9217359 |
||
| 651 |
_aSociology _9217360 |
||
| 942 | _cBB | ||
| 999 |
_c370809 _d370809 |
||